| 000 | 01206nam a22003497a 4500 | ||
|---|---|---|---|
| 001 | BR7603361 | ||
| 003 | BR-BrBNA | ||
| 005 | 20230928085023.0 | ||
| 007 | ta | ||
| 008 | 230509b bl.||||| |||| 00| 0 por d | ||
| 040 |
_aBR-BrBNA _bpor _cBiblioteca Nacional de Agricultura |
||
| 041 | _a(Por) | ||
| 072 |
_aP10; F24 _b2110 _b/G514 _b/GZ35 |
||
| 090 | _ 2110 BR7603361 | ||
| 100 | 1 | _aRocha Filho, C.A. | |
| 110 | 1 |
_aComissao Executiva do Plano da Lavoura Cacaueira, Ilheus, BA (Brasil); _92106 |
|
| 110 | 1 |
_aIICA, Rio de Janeiro, RJ (Brasil) _95562 |
|
| 245 | 1 |
_aDiagnostico socio-economico da regiao cacaueira. Recursos hidricos [Theobroma cacao; Bacia hidrografica; Recurso da agua; Reconhecimento do solo; Levantamento fisiografico; Bahia; Brasil] _bv. 5 Convenio IICA/CEPLAC |
|
| 260 | 3 |
_aIlheus, BA (Brasil): _c1976. |
|
| 300 | _a133 p. | ||
| 500 | _a72 graphs; 98 tables; 2 Maps (scale 1:45,000); 17 ref. | ||
| 650 | _aCACAU | ||
| 650 | _aBACIA HIDROGRAFICA | ||
| 650 | _aHIDROGEOLOGIA | ||
| 650 | _aRECURSO HIDRICO | ||
| 650 | _aFLUVIOMETRIA | ||
| 650 | _aLEVANTAMENTO FISIOGRAFICO | ||
| 650 | _aMAPA | ||
| 650 | _aBAHIA | ||
| 909 |
_a202309 _bLucia _c55 _dLucia Elande |
||
| 942 | _cBK | ||
| 999 |
_c22419 _d22419 |
||